| 000 | 00337nam a2200133Ia 4500 | ||
|---|---|---|---|
| 008 | 231129s1982||||xx |||||||||||||| ||spa|| | ||
| 040 | _bspa | ||
| 082 | _aHi863 L579c | ||
| 100 | _aLeon Olver Gilberto de | ||
| 245 | 0 | _aCuentistas hispanoamericanos en la Sorbona | |
| 260 | _c1982 | ||
| 264 | _aBanco de la Republica | ||
| 942 |
_2ddc _cBKS |
||
| 999 |
_c8420 _d8420 |
||